Textiles : Origins to usage

The purpose of this book is to provide information leading to the best use of textile products by the consumer in terms of his own particular pattern of needs.

Spremljeno u:
Bibliografski detalji
Glavni autor: Labarthe, Jules
Format: Knjiga
Jezik:Undetermined
Izdano: New York Macmillan 1964
Teme:
Oznake: Dodaj oznaku
Bez oznaka, Budi prvi tko označuje ovaj zapis!
Thư viện lưu trữ: Trung tâm Học liệu Trường Đại học Cần Thơ
LEADER 00678nam a2200205Ia 4500
001 CTU_227887
008 210402s9999 xx 000 0 und d
082 |a 677.0286 
082 |b L113 
100 |a Labarthe, Jules 
245 0 |a Textiles : 
245 0 |b Origins to usage 
245 0 |c Jules Labarthe 
260 |a New York 
260 |b Macmillan 
260 |c 1964 
520 |a The purpose of this book is to provide information leading to the best use of textile products by the consumer in terms of his own particular pattern of needs. 
650 |a Ngành dệt may,Textile industry 
910 |b dqhieu 
980 |a Trung tâm Học liệu Trường Đại học Cần Thơ